[Event "SVK-chT3A2 2223"]
[Site "Slovakia"]
[Date "2022.10.16"]
[Round "1.7"]
[White "Ralbovsky, Milan"]
[Black "Rusnacik, Milan"]
[Result "1-0"]
[WhiteElo "1335"]
[BlackElo "1299"]
[PlyCount "99"]
[EventDate "2022.10.16"]
[EventType "team-tourn"]
[EventRounds "9"]
[EventCountry "SVK"]
[SourceTitle "EXT 2024"]
[Source "ChessBase"]
[SourceDate "2023.10.10"]
[SourceVersion "1"]
[SourceVersionDate "2023.10.10"]
[SourceQuality "1"]
[WhiteTeam "Gbely Nafta"]
[BlackTeam "Modranka Komplet II"]
[WhiteTeamCountry "SVK"]
[BlackTeamCountry "SVK"]

1. e4 c5 2. Bc4 d6 3. Nf3 Nf6 4. d3 Nc6 5. Ng5 e6 6. c3 Be7 7. Be3 h6 8. Nf3 Bd7 9. h3 a6 10. Nbd2 Rc8 11. a4 Qc7 12. 0-0 e5 13. Qb1 0-0 14. Rc1 Rb8 15. b4 b5 16. axb5 axb5 17. Ba2 c4 18. dxc4 bxc4 19. Bxc4 Qd8 20. Rc2 Qc7 21. Rb2 Nd8 22. b5 Nb7 23. Ba7 Rbc8 24. b6 Qc6 25. Ba6 Nh5 26. Bb5 Qxc3 27. Bxd7 Ra8 28. Rc2 Qxc2 29. Qxc2 Nf6 30. Qc7 Nc5 31. b7 Ncxd7 32. bxa8Q Rxa8 33. Rb1 Re8 34. Nh4 g6 35. Be3 Kg7 36. Nhf3 Nf8 37. Rb8 Ne6 38. Qa7 Bd8 39. Rb7 Rf8 40. Ne1 g5 41. f3 Kg6 42. Nc4 Ne8 43. Bb6 Bf6 44. Rd7 d5 45. Rxd5 Kg7 46. Nd3 Nf4 47. Nxf4 gxf4 48. Nxe5 Bg5 49. Rd2 Kf6 50. Nxf7 1-0

[Event "Skalica op-B"]
[Site "Skalica"]
[Date "2022.08.25"]
[Round "6"]
[White "Matusina, Miroslav"]
[Black "Ralbovsky, Milan"]
[Result "0-1"]
[WhiteElo "1597"]
[BlackElo "1295"]
[PlyCount "124"]
[EventDate "2022.08.20"]
[EventType "swiss"]
[EventRounds "9"]
[EventCountry "SVK"]
[SourceTitle "CBM 209 Extra"]
[Source "ChessBase"]
[SourceDate "2022.09.30"]
[SourceVersion "1"]
[SourceVersionDate "2022.09.30"]
[SourceQuality "1"]

1. f4 b6 2. Nf3 Bb7 3. e3 g6 4. Nc3 Bg7 5. b3 e6 6. Bb2 Ne7 7. Be2 d6 8. 0-0 Nd7 9. Qe1 Nf5 10. Nd1 Bxb2 11. Nxb2 Qf6 12. Nd3 0-0-0 13. b4 Rdg8 14. g4 Qg7 15. Kf2 Nf6 16. Ng5 Qh6 17. Kg1 Qg7 18. gxf5 gxf5 19. Bf3 h6 20. Bxb7+ Kxb7 21. Kh1 hxg5 22. Qg3 Ne4 23. Qg2 g4 24. Rad1 Kb8 25. Kg1 Rh3 26. Nf2 Nxf2 27. Rxf2 Rgh8 28. Kf1 R8h7 29. Ke2 g3 30. hxg3 Rxg3 31. Qf1 Qg4+ 32. Kd3 Rhh3 33. Qe2 Rf3 34. Rxf3 Qxf3 35. Qxf3 Rxf3 36. a4 f6 37. Ke2 Rh3 38. Rf1 Kb7 39. Rg1 Rh6 40. Kd3 a6 41. Rg7 e5 42. Rg1 Rh3 43. Rf1 Kc6 44. Rf2 a5 45. bxa5 bxa5 46. fxe5 fxe5 47. Rxf5 Rh4 48. e4 Rh3+ 49. Kc4 Ra3 50. d3 Rxa4+ 51. Kb3 Rb4+ 52. Ka2 Kb5 53. c3 Ra4+ 54. Kb2 c5 55. Rf6 Kc6 56. Rf8 Kc7 57. Rf1 c4 58. dxc4 Rxc4 59. Re1 Rc6 60. Ra1 Rb6+ 61. Ka3 Kc6 62. Rd1 Kc5 0-1

[Event "Skalica op-B"]
[Site "Skalica"]
[Date "2022.08.20"]
[Round "1"]
[White "Ralbovsky, Milan"]
[Black "Travnicek, Jaroslav1111"]
[Result "0-1"]
[WhiteElo "1295"]
[BlackElo "1747"]
[PlyCount "84"]
[EventDate "2022.08.20"]
[EventType "swiss"]
[EventRounds "9"]
[EventCountry "SVK"]
[SourceTitle "CBM 209 Extra"]
[Source "ChessBase"]
[SourceDate "2022.09.30"]
[SourceVersion "1"]
[SourceVersionDate "2022.09.30"]
[SourceQuality "1"]

1. e4 e5 2. Nf3 Nf6 3. b3 Nc6 4. d3 d5 5. Qe2 Bg4 6. Nbd2 Nd4 7. Qd1 Bb4 8. Be2 Nxe2 9. Qxe2 0-0 10. h3 Bxf3 11. gxf3 Nh5 12. f4 Nxf4 13. Qg4 dxe4 14. Rg1 g6 15. a3 Bc3 16. Ra2 exd3 17. Rg3 Qd5 18. Qf3 Qxf3 19. Rxf3 Rad8 20. Kf1 Bxd2 21. Bxd2 dxc2 22. Rxc2 c6 23. Bxf4 exf4 24. Rxf4 Rd3 25. Rb4 Rd7 26. a4 Rfd8 27. a5 a6 28. Rc3 Rd1+ 29. Kg2 R8d7 30. Re3 R1d5 31. Re8+ Kg7 32. Rb8 Rxa5 33. R8xb7 Rxb7 34. Rxb7 Rb5 35. Rxb5 axb5 36. b4 Kf6 37. Kf3 Ke5 38. Ke3 Kd5 39. Kd3 c5 40. Kc3 c4 41. f4 f6 42. h4 h6 0-1

[Event "SVK-chT4 A21 2122"]
[Site "Slovakia"]
[Date "2022.04.10"]
[Round "4.4"]
[White "Ralbovsky, Milan"]
[Black "Tomasovic, Roman"]
[Result "0-1"]
[WhiteElo "1274"]
[BlackElo "1548"]
[PlyCount "92"]
[EventDate "2021.10.17"]
[EventType "team-tourn"]
[EventRounds "11"]
[EventCountry "SVK"]
[SourceTitle "EXT 2024"]
[Source "ChessBase"]
[SourceDate "2023.10.10"]
[SourceVersion "1"]
[SourceVersionDate "2023.10.10"]
[SourceQuality "1"]
[WhiteTeam "Gbely Nafta II"]
[BlackTeam "Stefanov"]
[WhiteTeamCountry "SVK"]
[BlackTeamCountry "SVK"]

1. e4 e5 2. Bc4 Bc5 3. Nf3 Nc6 4. d3 h6 5. a3 a6 6. b4 Ba7 7. Bb2 d6 8. Nc3 Nf6 9. h3 Bd7 10. 0-0 g5 11. Nh2 Nd4 12. Nd5 Nxd5 13. Bxd5 c6 14. Ba2 Qe7 15. c3 Ne6 16. Bc1 0-0-0 17. Qf3 Rdf8 18. Ng4 h5 19. Nf6 Nf4 20. Nxd7 Qxd7 21. Bxf4 gxf4 22. Rad1 Rfg8 23. d4 Kb8 24. Kh2 Qc7 25. dxe5 dxe5 26. Rd3 h4 27. Rfd1 Rd8 28. R1d2 Qe7 29. Rxd8+ Rxd8 30. Rxd8+ Qxd8 31. Bxf7 Qd2 32. Bb3 Bxf2 33. Qd1 Qxc3 34. Qf3 Qe1 35. Qxf2 Qxf2 36. Bd1 Qg3+ 37. Kg1 Qe1+ 38. Kh2 Qxd1 39. a4 Qd4 40. b5 Qxa4 41. bxc6 Qxc6 42. Kg1 Qxe4 43. g3 fxg3 44. Kf1 a5 45. Kg1 a4 46. Kf1 a3 0-1

[Event "SVK-chT3A2 2122"]
[Site "Slovakia"]
[Date "2022.04.03"]
[Round "5.7"]
[White "Benak, Peter"]
[Black "Ralbovsky, Milan"]
[Result "1-0"]
[WhiteElo "1639"]
[BlackElo "1274"]
[PlyCount "53"]
[EventDate "2021.10.10"]
[EventType "team-tourn"]
[EventRounds "11"]
[EventCountry "SVK"]
[SourceTitle "EXT 2024"]
[Source "ChessBase"]
[SourceDate "2023.10.10"]
[SourceVersion "1"]
[SourceVersionDate "2023.10.10"]
[SourceQuality "1"]
[WhiteTeam "Holic"]
[BlackTeam "Gbely Nafta"]
[WhiteTeamCountry "SVK"]
[BlackTeamCountry "SVK"]

1. c4 d6 2. Nc3 Bf5 3. g3 Nc6 4. Bg2 Nf6 5. d3 Qd7 6. Nf3 h6 7. 0-0 0-0-0 8. a3 g5 9. b4 Bh3 10. b5 Bxg2 11. Kxg2 g4 12. bxc6 gxf3+ 13. exf3 Qxc6 14. Ne4 Bg7 15. Bb2 Rdg8 16. Nxf6 Bxf6 17. Bxf6 exf6 18. Qd2 h5 19. Qf4 Rg6 20. h4 Qc5 21. Rfe1 Qa5 22. Re7 Qc3 23. Qf5+ Kb8 24. Qd7 Rc8 25. Re8 Rg8 26. Rae1 a6 27. Qxc8+ 1-0

[Event "SVK-chT4 A21 2122"]
[Site "Slovakia"]
[Date "2022.02.20"]
[Round "9.1"]
[White "Sadlon, Juraj"]
[Black "Ralbovsky, Milan"]
[Result "1-0"]
[WhiteElo "1857"]
[BlackElo "1274"]
[PlyCount "125"]
[EventDate "2021.10.17"]
[EventType "team-tourn"]
[EventRounds "11"]
[EventCountry "SVK"]
[SourceTitle "EXT 2023"]
[Source "ChessBase"]
[SourceDate "2022.10.05"]
[SourceVersion "1"]
[SourceVersionDate "2022.10.05"]
[SourceQuality "1"]
[WhiteTeam "Brezova pod Bradlom"]
[BlackTeam "Gbely Nafta II"]
[WhiteTeamCountry "SVK"]
[BlackTeamCountry "SVK"]

1. e4 b6 2. d4 Bb7 3. Bd3 e6 4. Nf3 Be7 5. 0-0 Nf6 6. Re1 d5 7. Nbd2 Nc6 8. c3 h6 9. e5 Nh7 10. Nf1 Qd7 11. Qc2 Ng5 12. Nxg5 hxg5 13. b4 0-0-0 14. Qe2 Kb8 15. a4 Bc8 16. Bb5 Rh6 17. a5 f5 18. Qa2 Nxb4 19. Bxd7 Nxa2 20. Bxc8 Nxc1 21. Rexc1 Rxc8 22. axb6 cxb6 23. Ra6 g4 24. g3 Rhh8 25. Rca1 Rc7 26. Ne3 Rhc8 27. Kg2 Rb7 28. Nd1 Bg5 29. R1a2 Rcc7 30. h3 gxh3+ 31. Kxh3 Bd8 32. Kg2 Re7 33. Kf3 g5 34. Ke3 Rh7 35. Rc2 Rh3 36. c4 f4+ 37. Kf3 Rf7 38. Kg2 g4 39. gxf4 Rxf4 40. cxd5 Rxd4 41. Ne3 exd5 42. Nxg4 Rh5 43. f3 Bg5 44. Re2 Rd2 45. Rxd2 Bxd2 46. Ra2 Bb4 47. f4 a5 48. Nf6 Rh6 49. Nxd5 Rg6+ 50. Kf3 Bc5 51. f5 Rg1 52. Re2 Rf1+ 53. Ke4 Kc8 54. e6 Rh1 55. Ke5 b5 56. Rc2 Re1+ 57. Kf6 Kd8 58. Rxc5 Rd1 59. Rxb5 Rc1 60. Rxa5 Rc8 61. Kf7 Rc5 62. e7+ Kd7 63. e8Q+ 1-0

[Event "SVK-chT5 SE-SI 2122"]
[Site "Slovakia"]
[Date "2021.11.06"]
[Round "1.2"]
[White "Benci, Rudolf"]
[Black "Ralbovsky, Milan"]
[Result "1-0"]
[WhiteElo "1570"]
[BlackElo "1274"]
[PlyCount "63"]
[EventDate "2021.11.06"]
[EventType "team-tourn"]
[EventRounds "9"]
[EventCountry "SVK"]
[SourceTitle "EXT 2024"]
[Source "ChessBase"]
[SourceDate "2023.10.10"]
[SourceVersion "1"]
[SourceVersionDate "2023.10.10"]
[SourceQuality "1"]
[WhiteTeam "Senica CVC II"]
[BlackTeam "Petrova Ves II"]
[WhiteTeamCountry "SVK"]
[BlackTeamCountry "SVK"]

1. e4 e5 2. Nf3 Nc6 3. Bc4 h6 4. d4 Bd6 5. Be3 Qf6 6. d5 Nce7 7. Nc3 a6 8. a3 Ng6 9. Ne2 N8e7 10. Qd2 Nf4 11. Nxf4 exf4 12. Bd4 Qg6 13. Qe2 c6 14. Bd3 f5 15. exf5 Qf7 16. 0-0 Kd8 17. Bb6+ Bc7 18. Bxc7+ Kxc7 19. d6+ Kb8 20. dxe7 Re8 21. Rfe1 d6 22. Qe4 Ra7 23. Qxf4 Kc7 24. Qe4 b5 25. c4 c5 26. cxb5 axb5 27. Bxb5 Bd7 28. Bxd7 Kxd7 29. Rad1 Rxe7 30. Ne5+ Rxe5 31. Qxe5 Qf6 32. Qe8+ 1-0

[Event "SVK-chT5 SE-SI 1920"]
[Site "Slovakia"]
[Date "2019.10.19"]
[Round "1.5"]
[White "Ralbovsky, Milan"]
[Black "Krakovsky, Jakub1111"]
[Result "0-1"]
[WhiteElo "1271"]
[BlackElo "1225"]
[PlyCount "118"]
[EventDate "2019.10.19"]
[EventType "team-tourn"]
[EventRounds "14"]
[EventCountry "SVK"]
[SourceTitle "CBM 193 Extra"]
[Source "ChessBase"]
[SourceDate "2020.01.31"]
[SourceVersion "1"]
[SourceVersionDate "2020.01.31"]
[SourceQuality "1"]
[WhiteTeam "Jabuca Petrova Ves Gbely V"]
[BlackTeam "Skalica IV"]
[WhiteTeamCountry "SVK"]
[BlackTeamCountry "SVK"]

1. e4 e5 2. Nf3 Nc6 3. Bb5 a6 4. Bxc6 dxc6 5. Nxe5 Qd4 6. Nf3 Qxe4+ 7. Qe2 Qxe2+ 8. Kxe2 Bg4 9. Re1 0-0-0 10. Kf1 Bxf3 11. gxf3 Nf6 12. d3 h6 13. Nd2 Bb4 14. a3 Bd6 15. Kg2 Rhe8 16. Ne4 Nxe4 17. fxe4 Re6 18. f4 f5 19. e5 Bc5 20. h4 Rg6+ 21. Kh3 Rg4 22. e6 Be7 23. Re5 Rxh4+ 24. Kg3 Rg4+ 25. Kf3 g6 26. Be3 b6 27. Rg1 h5 28. Rxg4 hxg4+ 29. Kg3 Rd5 30. d4 Bf6 31. e7 Rxe5 32. dxe5 Bxe7 33. Kf2 Kd7 34. Ke2 Ke6 35. c4 b5 36. Kd3 g3 37. c5 a5 38. b4 a4 39. Kd4 Bh4 40. Bg1 g2 41. Ke3 Kd5 42. Kf3 Kc4 43. Kxg2 Kb3 44. Bf2 Be7 45. Kh3 Kxa3 46. Bh4 Bf8 47. e6 Kxb4 48. Bf6 Bxc5 49. Kh4 Kc4 50. Kg5 b4 51. Kxg6 b3 52. Kxf5 a3 53. Kg6 b2 54. f5 b1Q 55. Bd8 a2 56. Kg5 a1Q 57. f6 Qg1+ 58. Kf5 Qaf1+ 59. Ke5 Qe3# 0-1

[Event "SVK-chT3A2 1819"]
[Site "Slovakia"]
[Date "2019.03.24"]
[Round "11.6"]
[White "Ralbovsky, Milan"]
[Black "Turczi, Arpad Matyas"]
[Result "1-0"]
[WhiteElo "1330"]
[BlackElo "1280"]
[PlyCount "67"]
[EventDate "2018.10.07"]
[EventType "team-tourn"]
[EventRounds "11"]
[EventCountry "SVK"]
[SourceTitle "EXT 2020"]
[Source "ChessBase"]
[SourceDate "2019.10.17"]
[SourceVersion "1"]
[SourceVersionDate "2019.10.17"]
[SourceQuality "1"]
[WhiteTeam "Gbely Nafta II"]
[BlackTeam "Dunajska Streda II"]
[WhiteTeamCountry "SVK"]
[BlackTeamCountry "SVK"]

1. Nf3 d5 2. g3 Nf6 3. Bg2 Nc6 4. e3 Bg4 5. d4 e6 6. 0-0 g6 7. Nbd2 Bg7 8. b3 0-0 9. Bb2 Ne4 10. c4 Re8 11. Qb1 Bf5 12. Nxe4 Bxe4 13. Qe1 Bd3 14. Qc3 Bxf1 15. Rxf1 Qd7 16. b4 a6 17. Bh3 dxc4 18. Qxc4 Qd5 19. Qxd5 exd5 20. a3 Na7 21. Ne1 Nb5 22. Nd3 b6 23. Rc1 Ra7 24. Nf4 Rd8 25. Bg2 a5 26. Nxd5 axb4 27. Ne7+ Kf8 28. Nc6 Rda8 29. Nxa7 Rxa7 30. axb4 Ra4 31. Rc4 Nd6 32. Rxc7 Rxb4 33. Ba3 Rb1+ 34. Bf1 1-0

[Event "SVK-chT4 A21 1718"]
[Site "Slovakia"]
[Date "2017.10.29"]
[Round "3.5"]
[White "Sprusansky, Ferdinand"]
[Black "Ralbovsky, Milan"]
[Result "0-1"]
[WhiteElo "1373"]
[BlackElo "1505"]
[PlyCount "66"]
[EventDate "2017.10.01"]
[EventType "team-tourn"]
[EventRounds "11"]
[EventCountry "SVK"]
[SourceTitle "EXT 2019"]
[Source "ChessBase"]
[SourceDate "2018.10.10"]
[SourceVersion "1"]
[SourceVersionDate "2018.10.10"]
[SourceQuality "1"]
[WhiteTeam "Kopcany"]
[BlackTeam "Gbely Nafta III"]
[WhiteTeamCountry "SVK"]
[BlackTeamCountry "SVK"]

1. e4 e5 2. Nf3 d6 3. Nc3 Be6 4. d4 exd4 5. Nxd4 Qe7 6. Bb5+ c6 7. Ba4 b5 8. Bb3 Bxb3 9. axb3 b4 10. Nce2 Qxe4 11. 0-0 g6 12. Re1 Qh4 13. Nf4+ Be7 14. Nf3 Qf6 15. c4 bxc3 16. bxc3 Qxc3 17. Ba3 d5 18. Rc1 Qf6 19. Nxd5 cxd5 20. Qxd5 Nc6 21. Rxc6 Rd8 22. Qb5 Qf5 23. Rc7+ Qxb5 24. Rcxe7+ Nxe7 25. Rxe7+ Kf8 26. Rb7+ Kg8 27. Re7 Rd1+ 28. Ne1 Qxb3 29. Re8+ Kg7 30. Bf8+ Rxf8 31. Re3 Qxe3 32. fxe3 Rxe1+ 33. Kf2 Ra1 0-1

[Event "SVK-chT4 A21 1617"]
[Site "Slovakia"]
[Date "2016.11.06"]
[Round "3.5"]
[White "Svrcek, Daniel"]
[Black "Ralbovsky, Milan"]
[Result "0-1"]
[WhiteElo "1312"]
[BlackElo "1000"]
[PlyCount "84"]
[EventDate "2016.10.09"]
[EventType "team-tourn"]
[EventRounds "11"]
[EventCountry "SVK"]
[SourceTitle "CBM 175 Extra"]
[Source "ChessBase"]
[SourceDate "2016.12.12"]
[SourceVersion "1"]
[SourceVersionDate "2016.12.12"]
[SourceQuality "1"]
[WhiteTeam "Holic II"]
[BlackTeam "Gbely Nafta III"]
[WhiteTeamCountry "SVK"]
[BlackTeamCountry "SVK"]

1. d4 d5 2. c4 e5 3. dxe5 Bb4+ 4. Bd2 Bxd2+ 5. Qxd2 d4 6. Nf3 c5 7. g3 Nc6 8. Bg2 Bf5 9. 0-0 h6 10. e3 d3 11. Nc3 Nge7 12. e4 Bg4 13. Nd5 Bxf3 14. Bxf3 Nxe5 15. Qd1 N7c6 16. b3 Nd4 17. Bg2 d2 18. f4 Nec6 19. Qxd2 Nb4 20. Nxb4 Nf3+ 21. Bxf3 Qxd2 22. Nd5 Rc8 23. Bg4 Rc6 24. Rfd1 Qa5 25. e5 h5 26. Nf6+ gxf6 27. Bd7+ Kf8 28. Bxc6 bxc6 29. exf6 Rh6 30. Rd6 Kg8 31. Rxc6 Qc3 32. Rc8+ Kh7 33. Rd1 Rxf6 34. Rcd8 Qc2 35. R8d5 Re6 36. Rxh5+ Rh6 37. Rxh6+ Kxh6 38. Rf1 Qxa2 39. g4 Qxb3 40. g5+ Kg6 41. Kg2 Qxc4 42. Kg3 Qxf1 0-1

[Event "SVK-chT4 A21 1617"]
[Site "Slovakia"]
[Date "2016.10.23"]
[Round "2.4"]
[White "Lauko, Tomas"]
[Black "Ralbovsky, Milan"]
[Result "1-0"]
[WhiteElo "1666"]
[BlackElo "1000"]
[PlyCount "53"]
[EventDate "2016.10.09"]
[EventType "team-tourn"]
[EventRounds "11"]
[EventCountry "SVK"]
[SourceTitle "CBM 175 Extra"]
[Source "ChessBase"]
[SourceDate "2016.12.12"]
[SourceVersion "1"]
[SourceVersionDate "2016.12.12"]
[SourceQuality "1"]
[WhiteTeam "Senica II"]
[BlackTeam "Gbely Nafta III"]
[WhiteTeamCountry "SVK"]
[BlackTeamCountry "SVK"]

1. e4 e5 2. Nf3 d6 3. Bc4 Be6 4. Bxe6 fxe6 5. d4 Nc6 6. Be3 d5 7. Nxe5 dxe4 8. Qh5+ g6 9. Nxg6 hxg6 10. Qxh8 Nf6 11. c3 Qe7 12. Bg5 Kf7 13. Nd2 Rd8 14. Bxf6 Qxf6 15. Qxf6+ Kxf6 16. Nxe4+ Kf5 17. f3 e5 18. dxe5 Nxe5 19. 0-0 a5 20. a4 Bg7 21. Rad1 Rh8 22. Rd5 b6 23. Re1 c6 24. Rd6 Rc8 25. h4 Nc4 26. Ng3+ Kf4 27. Re4+ 1-0